The fashionista's book of enlightenment (Record no. 16972)
[ view plain ]
| 000 -LEADER | |
|---|---|
| fixed length control field | 00825nam a22002777a 4500 |
| 003 - CONTROL NUMBER IDENTIFIER | |
| control field | OSt |
| 005 - DATE AND TIME OF LATEST TRANSACTION | |
| control field | 20140310182849.0 |
| 008 - FIXED-LENGTH DATA ELEMENTS--GENERAL INFORMATION | |
| fixed length control field | 100702s2009 ph 000 0 eng |
| 010 ## - LIBRARY OF CONGRESS CONTROL NUMBER | |
| LC control number | 2010338389 |
| 020 ## - INTERNATIONAL STANDARD BOOK NUMBER | |
| International Standard Book Number | 9719466703 |
| 040 ## - CATALOGING SOURCE | |
| Original cataloging agency | DLC |
| Transcribing agency | DLC |
| 042 ## - AUTHENTICATION CODE | |
| Authentication code | lcode |
| 050 00 - LIBRARY OF CONGRESS CALL NUMBER | |
| Classification number | PS 9993 |
| Item number | .D211 2009 |
| 082 ## - DEWEY DECIMAL CLASSIFICATION NUMBER | |
| -- | FIL 821 |
| Item number | D211 2009 |
| 100 1# - MAIN ENTRY--PERSONAL NAME | |
| Personal name | Daoana, Carlomar Arcangel. |
| 245 14 - TITLE STATEMENT | |
| Title | The fashionista's book of enlightenment |
| Remainder of title | poems |
| Statement of responsibility, etc | Daoana, Carlomar Arcangel |
| 260 ## - PUBLICATION, DISTRIBUTION, ETC. (IMPRINT) | |
| Place of publication, distribution, etc | Manila |
| Name of publisher, distributor, etc | Published and distributed by DBW+Designed by Words Co. |
| Date of publication, distribution, etc | c2009 |
| 300 ## - PHYSICAL DESCRIPTION | |
| Extent | 65 p. |
| Dimensions | 23 cm. |
| 521 ## - TARGET AUDIENCE NOTE | |
| Target audience note | |
| 526 ## - STUDY PROGRAM INFORMATION NOTE | |
| Reading level | 0L to 1700L |
| 541 ## - IMMEDIATE SOURCE OF ACQUISITION NOTE | |
| -- | 1 |
| 562 ## - COPY AND VERSION IDENTIFICATION NOTE | |
| Number of copies | 1 |
| 906 ## - LOCAL DATA ELEMENT F, LDF (RLIN) | |
| a | 7 |
| b | cbc |
| c | origode |
| d | 4 |
| e | ncip |
| f | 20 |
| g | y-gencatlg |
| 942 ## - ADDED ENTRY ELEMENTS (KOHA) | |
| Source of classification or shelving scheme | Library of Congress Classification |
| Koha item type | Books |
| Call number prefix | |
| Withdrawn status | Lost status | Source of classification or shelving scheme | Damaged status | Home library | Current library | Shelving location | Date acquired | Total Checkouts | Full call number | Barcode | Date last seen | Copy number | Price effective from | Koha item type |
|---|---|---|---|---|---|---|---|---|---|---|---|---|---|---|
| Library of Congress Classification | College Library | College Library | Filipiniana Section | 04/19/2012 | PS 9993 .D211 2009 | c13112 | 05/08/2018 | 1 | 04/19/2012 | Books |